00441 2200169 4500245007800000020002200078250000900100100002000109700001700129650001300146005001900159260003700178041001400215084001200229300002100241336000900262 aPragmatik b : Fenomena Ketidaksantunan BerbahasacKunjana RahardihText a978-602-434-157-2 a2020 aKunjana Rahardi aSuryadi Saat aFilsafat a20240904131730 aJakartabPenerbit Erlanggac2020 aIndonesia a499.221 a171 hlm :c25 cm atext